| 000 | 00683nam a2200205 a 4500 | ||
|---|---|---|---|
| 001 | 000005656 | ||
| 005 | 20200929151732.0 | ||
| 008 | 090821s1987 dr 001 0 spa d | ||
| 040 |
_aDO-SdBNP _bspa _cBNPHU |
||
| 082 |
_a338.97293 _bB697p |
||
| 100 | 1 |
_aBona Prandy, Pedro Julio _915995 |
|
| 245 | 1 | 0 |
_aPlanificación en la República Dominicana / _cPedro Julio Bona Prandy. |
| 260 |
_aSanto Domingo : _bFundación Friedrich Ebert, _c1987. |
||
| 300 |
_a202 p. ; _c23 cm. |
||
| 500 | _aIncluye notas al pie de las páginas | ||
| 504 | _aBibliografía : p. 197 -198 | ||
| 650 | 4 |
_aPlanificación _915996 |
|
| 651 | 4 |
_aRepública Dominicana _xPolitica Económica _9643 |
|
| 049 | _aBNPD | ||
| 999 |
_c5454 _d5454 |
||